[Event "Danish CPH 2023 for 50+ and 65+"]
[Site "Nyhavnsgade 14, 2. sal. 9000 Aalborg"]
[Date "2023.02.24"]
[Round "6.7"]
[White "Pilgaard, Erik"]
[Black "Grue, Vibeke"]
[Result "1-0"]
[BlackElo "986"]
[WhiteElo "1442"]
[LiveChessVersion "1.4.8"]

1. e4 {[%clk 1:30:51]} e5 {[%clk 1:30:50]} 2. Nf3 {[%clk 1:31:04]} Nf6
{[%clk 1:30:45]} 3. Nxe5 {[%clk 1:31:09]} d6 {[%clk 1:27:14]} 4. Nf3
{[%clk 1:30:45]} Nxe4 {[%clk 1:25:27]} 5. d3 {[%clk 1:27:53]} Nf6
{[%clk 1:24:25]} 6. Bf4 {[%clk 1:27:43]} Be7 {[%clk 1:23:11]} 7. Be2
{[%clk 1:27:47]} Nc6 {[%clk 1:23:03]} 8. O-O {[%clk 1:27:55]} Nd5
{[%clk 1:22:18]} 9. Bg3 {[%clk 1:27:53]} Bg4 {[%clk 1:22:22]} 10. Nc3
{[%clk 1:27:57]} Nxc3 {[%clk 1:22:26]} 11. bxc3 {[%clk 1:28:18]} O-O
{[%clk 1:22:24]} 12. Re1 {[%clk 1:27:22]} Bf6 {[%clk 1:20:28]} 13. d4
{[%clk 1:26:33]} Ne7 {[%clk 1:20:26]} 14. Nh4 {[%clk 1:25:03]} Nf5
{[%clk 1:17:45]} 15. Bxg4 {[%clk 1:22:04]} Nxg3 {[%clk 1:17:50]} 16. Nf3
{[%clk 1:20:12]} h5 {[%clk 1:17:36]} 17. Bh3 {[%clk 1:20:08]} g5 {[%clk 1:14:54]}
18. Nd2 {[%clk 1:17:40]} g4 {[%clk 1:14:37]} 19. Bxg4 {[%clk 1:17:39]} hxg4
{[%clk 1:12:53]} 20. Qxg4+ {[%clk 1:17:56]} Bg5 {[%clk 1:12:23]} 21. Qxg3
{[%clk 1:16:59]} d5 {[%clk 1:11:13]} 22. h4 {[%clk 1:16:27]} Kh7 {[%clk 1:10:37]}
23. hxg5 {[%clk 1:16:16]} Rg8 {[%clk 1:09:42]} 24. Qh4+ {[%clk 1:15:49]} Kg6
{[%clk 1:09:20]} 25. Qh6+ {[%clk 1:15:56]} Kf5 {[%clk 1:09:38]} 26. Re5+
{[%clk 1:16:10]} Kg4 {[%clk 1:09:39]} 27. Qh3+ {[%clk 1:16:13]} Kf4
{[%clk 1:09:44]} 28. g3# {[%clk 1:16:32]} 1-0

[Event "Danish CPH 2023 for 50+ and 65+"]
[Site "Nyhavnsgade 14, 2. sal. 9000 Aalborg"]
[Date "2023.02.25"]
[Round "7.1"]
[White "Nordenbaek, Jan"]
[Black "Pors, Kim"]
[Result "1-0"]
[BlackElo "1406"]
[WhiteElo "2122"]
[LiveChessVersion "1.4.8"]

1. e4 {[%clk 1:30:46]} c5 {[%clk 1:30:44]} 2. Nf3 {[%clk 1:31:03]} d6
{[%clk 1:30:34]} 3. d4 {[%clk 1:30:51]} cxd4 {[%clk 1:30:46]} 4. Nxd4
{[%clk 1:31:14]} Nc6 {[%clk 1:29:26]} 5. Nc3 {[%clk 1:31:10]} Nxd4
{[%clk 1:24:47]} 6. Qxd4 {[%clk 1:31:29]} a6 {[%clk 1:23:41]} 7. Bg5
{[%clk 1:27:25]} Qa5 {[%clk 1:20:26]} 8. Bd2 {[%clk 1:27:24]} Qc7
{[%clk 1:13:22]} 9. Nd5 {[%clk 1:24:17]} Qc6 {[%clk 1:13:33]} 10. Ba5
{[%clk 1:24:00]} e5 {[%clk 1:10:49]} 11. Qe3 {[%clk 1:22:38]} b5 {[%clk 1:06:35]}
12. Nc7+ {[%clk 1:22:23]} Kd7 {[%clk 1:06:48]} 13. Nxa8 {[%clk 1:22:23]} Qxa8
{[%clk 1:06:53]} 14. a4 {[%clk 1:20:01]} bxa4 {[%clk 1:03:59]} 15. Rxa4
{[%clk 1:19:47]} Be7 {[%clk 0:58:38]} 16. Rc4 {[%clk 1:14:39]} Ke8
{[%clk 0:57:40]} 17. Qb6 {[%clk 1:09:00]} Bd7 {[%clk 0:44:28]} 18. Bd3
{[%clk 1:04:52]} f6 {[%clk 0:38:21]} 19. O-O {[%clk 1:04:36]} Kf7
{[%clk 0:35:25]} 20. Rc7 {[%clk 1:04:34]} Be6 {[%clk 0:32:56]} 21. Qxd6
{[%clk 1:04:39]} h5 {[%clk 0:32:21]} 22. Bb4 {[%clk 1:04:43]} g5 {[%clk 0:30:17]}
23. Qxe6+ {[%clk 1:04:42]} 1-0

[Event "Danish CPH 2023 for 50+ and 65+"]
[Site "Nyhavnsgade 14, 2. sal. 9000 Aalborg"]
[Date "2023.02.25"]
[Round "7.2"]
[White "Lilja, Richard"]
[Black "Steffensen, Elena"]
[Result "1-0"]
[BlackElo "2024"]
[WhiteElo "2004"]
[LiveChessVersion "1.4.8"]

1. e4 {[%clk 1:30:56]} g6 {[%clk 1:30:56]} 2. Nc3 {[%clk 1:31:05]} Bg7
{[%clk 1:31:22]} 3. h4 {[%clk 1:31:22]} h5 {[%clk 1:29:37]} 4. Bc4
{[%clk 1:31:41]} d6 {[%clk 1:27:06]} 5. d4 {[%clk 1:31:44]} Nh6 {[%clk 1:23:40]}
6. Nf3 {[%clk 1:30:01]} Bg4 {[%clk 1:21:07]} 7. Bf4 {[%clk 1:27:17]} Nd7
{[%clk 1:19:20]} 8. Qd3 {[%clk 1:22:42]} c5 {[%clk 1:15:44]} 9. Bxh6
{[%clk 1:16:44]} Bxh6 {[%clk 1:13:54]} 10. Ng5 {[%clk 1:17:00]} Bxg5
{[%clk 1:12:18]} 11. hxg5 {[%clk 1:17:23]} Nb6 {[%clk 1:07:34]} 12. f3
{[%clk 1:14:03]} Nxc4 {[%clk 1:02:49]} 13. fxg4 {[%clk 1:13:11]} Nb6
{[%clk 0:57:53]} 14. gxh5 {[%clk 1:06:59]} c4 {[%clk 0:52:09]} 15. Qf3
{[%clk 0:58:36]} Qd7 {[%clk 0:45:29]} 16. O-O-O {[%clk 0:48:40]} gxh5
{[%clk 0:43:02]} 17. Rxh5 {[%clk 0:41:34]} Rg8 {[%clk 0:41:10]} 18. Rf1
{[%clk 0:36:31]} O-O-O {[%clk 0:41:35]} 19. Qf4 f6 20. Qxf6 {[%clk 0:34:41]} Rgf8
{[%clk 0:40:06]} 21. Qxf8 {[%clk 0:34:59]} Rxf8 {[%clk 0:40:34]} 22. Rxf8+
{[%clk 0:35:23]} Kc7 {[%clk 0:40:59]} 23. Rf5 {[%clk 0:33:12]} d5
{[%clk 0:40:02]} 24. g6 {[%clk 0:32:37]} dxe4 {[%clk 0:39:56]} 25. Nb5+
{[%clk 0:31:40]} Kb8 {[%clk 0:39:53]} 26. Rf8+ {[%clk 0:29:08]} Nc8
{[%clk 0:40:20]} 27. Rxc8+ Qxc8 {[%clk 0:40:45]} 28. g7 {[%clk 0:28:33]} 1-0

[Event "Danish CPH 2023 for 50+ and 65+"]
[Site "Nyhavnsgade 14, 2. sal. 9000 Aalborg"]
[Date "2023.02.25"]
[Round "7.3"]
[White "Fischer, Johan"]
[Black "Oehlerich, Per"]
[Result "1/2-1/2"]
[BlackElo "1952"]
[WhiteElo "1827"]
[LiveChessVersion "1.4.8"]

1. Nf3 {[%clk 1:30:56]} d5 {[%clk 1:30:16]} 2. d4 {[%clk 1:31:00]} Nf6
{[%clk 1:29:44]} 3. Bf4 {[%clk 1:28:13]} e6 {[%clk 1:26:52]} 4. e3
{[%clk 1:28:17]} c5 {[%clk 1:26:24]} 5. c3 {[%clk 1:28:31]} cxd4 {[%clk 1:25:15]}
6. exd4 {[%clk 1:27:47]} Nc6 {[%clk 1:23:57]} 7. Nbd2 {[%clk 1:27:45]} Be7
{[%clk 1:22:18]} 8. Bd3 {[%clk 1:26:03]} O-O {[%clk 1:19:54]} 9. Ne5
{[%clk 1:24:33]} Nxe5 {[%clk 1:13:54]} 10. Bxe5 {[%clk 1:23:58]} g6
{[%clk 1:08:29]} 11. O-O {[%clk 1:21:03]} Nd7 {[%clk 1:01:45]} 12. Bf4
{[%clk 1:17:47]} Bf6 {[%clk 0:55:45]} 13. Re1 {[%clk 1:15:55]} Bg5
{[%clk 0:52:03]} 14. Qg4 {[%clk 1:10:44]} Bxf4 {[%clk 0:50:36]} 15. Qxf4
{[%clk 1:11:04]} Qf6 {[%clk 0:48:34]} 16. Qxf6 {[%clk 1:10:41]} Nxf6
{[%clk 0:48:57]} 17. Nf3 {[%clk 1:09:16]} a6 {[%clk 0:45:06]} 18. Rac1
{[%clk 1:06:52]} Rd8 {[%clk 0:39:21]} 19. Ne5 {[%clk 1:03:10]} Bd7
{[%clk 0:38:39]} 20. h3 {[%clk 1:00:36]} Rac8 {[%clk 0:37:21]} 21. g3
{[%clk 0:58:30]} Kg7 {[%clk 0:36:19]} 22. Kg2 {[%clk 0:58:41]} Be8
{[%clk 0:36:02]} 23. Re3 {[%clk 0:49:54]} Rd6 {[%clk 0:29:24]} 24. Rce1
{[%clk 0:46:20]} Rb6 {[%clk 0:27:13]} 25. R3e2 {[%clk 0:45:50]} Bb5
{[%clk 0:25:03]} 26. Bxb5 {[%clk 0:45:16]} Rxb5 {[%clk 0:24:20]} 27. f3
{[%clk 0:45:04]} Rb6 {[%clk 0:23:34]} 28. Kf2 {[%clk 0:43:25]} Rd6
{[%clk 0:21:32]} 29. Rd2 {[%clk 0:42:08]} Ne8 {[%clk 0:20:34]} 30. Rde2
{[%clk 0:40:56]} Rc7 {[%clk 0:17:45]} 31. Kg2 {[%clk 0:39:47]} Rd8
{[%clk 0:16:43]} 32. Kf2 {[%clk 0:38:28]} Nd6 {[%clk 0:16:17]} 33. Kg2
{[%clk 0:37:51]} Nc4 {[%clk 0:15:44]} 34. Nxc4 {[%clk 0:37:29]} Rxc4
{[%clk 0:14:57]} 35. f4 {[%clk 0:37:29]} Rc6 {[%clk 0:13:49]} 36. Rf1
{[%clk 0:37:39]} h5 {[%clk 0:11:23]} 37. Rf3 {[%clk 0:35:49]} b5 {[%clk 0:10:35]}
38. a3 {[%clk 0:36:06]} Rdc8 {[%clk 0:09:03]} 39. g4 {[%clk 0:32:42]} hxg4
{[%clk 0:08:24]} 40. hxg4 {[%clk 0:33:06]} Rh8 {[%clk 0:01:54]} 41. Rh3
{[%clk 0:32:56]} Rxh3 {[%clk 0:01:35]} 42. Kxh3 {[%clk 0:33:17]} a5
{[%clk 0:01:12]} 43. Kg3 {[%clk 0:32:58]} b4 {[%clk 0:24:14]} 44. axb4
{[%clk 1:03:16]} axb4 {[%clk 0:24:12]} 45. Re3 {[%clk 1:03:38]} Rc4
{[%clk 0:19:09]} 46. Kf2 {[%clk 1:02:59]} Kf6 {[%clk 0:17:39]} 47. Kg3
{[%clk 0:59:30]} g5 {[%clk 0:14:13]} 48. Kf3 {[%clk 0:58:34]} bxc3
{[%clk 0:13:03]} 49. bxc3 {[%clk 0:58:38]} Ra4 {[%clk 0:11:48]} 50. fxg5+
{[%clk 0:50:10]} Kxg5 {[%clk 0:12:11]} 51. Re5+ {[%clk 0:50:29]} Kf6
{[%clk 0:10:46]} 52. Kf4 {[%clk 0:48:07]} Ra1 {[%clk 0:09:00]} 53. Re3
{[%clk 0:45:06]} Rf1+ {[%clk 0:08:47]} 54. Kg3 {[%clk 0:45:11]} Rg1+
{[%clk 0:07:44]} 55. Kf4 {[%clk 0:45:09]} Kg6 {[%clk 0:05:54]} 56. Kf3
{[%clk 0:44:54]} Ra1 {[%clk 0:05:22]} 57. Kf4 {[%clk 0:44:44]} Rc1
{[%clk 0:04:47]} 58. Kf3 {[%clk 0:44:26]} Rb1 {[%clk 0:03:47]} 59. Kf4
{[%clk 0:44:40]} Rb6 {[%clk 0:04:05]} 60. Kf3 {[%clk 0:37:12]} f6
{[%clk 0:03:20]} 61. Kf4 {[%clk 0:36:55]} Kf7 {[%clk 0:02:20]} 62. Rh3
{[%clk 0:35:00]} Kg6 {[%clk 0:02:09]} 63. Re3 {[%clk 0:35:10]} Rc6
{[%clk 0:02:28]} 64. Kf3 {[%clk 0:33:08]} Kf7 {[%clk 0:01:40]} 65. Kf4
{[%clk 0:33:17]} Rc4 {[%clk 0:01:58]} 66. Kg3 {[%clk 0:30:14]} Ke7
{[%clk 0:01:58]} 67. Kh4 {[%clk 0:28:46]} Rc8 {[%clk 0:02:12]} 68. Kg3
{[%clk 0:28:18]} Rg8 {[%clk 0:01:55]} 69. Kf3 {[%clk 0:27:57]} Kd6
{[%clk 0:02:18]} 70. Kf4 {[%clk 0:28:04]} Rg7 {[%clk 0:01:58]} 71. Re2
{[%clk 0:28:00]} Rc7 {[%clk 0:01:38]} 72. Re3 {[%clk 0:27:44]} Rc4
{[%clk 0:01:34]} 73. Kg3 {[%clk 0:27:46]} Ra4 {[%clk 0:01:29]} 74. Rf3
{[%clk 0:27:28]} Ke7 {[%clk 0:01:46]} 75. Re3 {[%clk 0:27:38]} Kf7
{[%clk 0:01:56]} 76. Kf3 {[%clk 0:27:13]} Ra7 {[%clk 0:01:30]} 77. Kg3
{[%clk 0:27:15]} Re7 {[%clk 0:01:51]} 78. Kf4 {[%clk 0:27:31]} Kg6
{[%clk 0:02:05]} 79. Re2 {[%clk 0:27:46]} Re8 {[%clk 0:01:23]} 80. Re1
{[%clk 0:27:19]} Kf7 {[%clk 0:01:11]} 81. Re2 {[%clk 0:27:20]} Rh8
{[%clk 0:01:20]} 82. Re3 {[%clk 0:27:24]} Rh1 {[%clk 0:01:35]} 83. Kg3
{[%clk 0:27:19]} Rc1 {[%clk 0:01:17]} 84. Kf4 {[%clk 0:27:24]} Ke7
{[%clk 0:01:38]} 85. Kf3 {[%clk 0:26:46]} Kd6 {[%clk 0:01:52]} 86. Kf4
{[%clk 0:26:04]} Rf1+ {[%clk 0:01:14]} 87. Kg3 {[%clk 0:24:22]} Rg1+
{[%clk 0:00:51]} 88. Kf4 {[%clk 0:24:24]} Rf1+ {[%clk 0:00:43]} 89. Kg3
{[%clk 0:24:41]} e5 {[%clk 0:00:36]} 90. dxe5+ {[%clk 0:24:59]} fxe5
{[%clk 0:00:59]} 91. Kg2 {[%clk 0:25:02]} Rf4 {[%clk 0:01:11]} 92. Kg3
{[%clk 0:23:49]} d4 {[%clk 0:00:51]} 93. cxd4 {[%clk 0:23:58]} Rxd4
{[%clk 0:01:11]} 94. Kf3 {[%clk 0:22:50]} Rf4+ {[%clk 0:01:36]} 95. Kg3
{[%clk 0:23:00]} Rf8 {[%clk 0:01:40]} 96. Rf3 {[%clk 0:22:06]} Rg8
{[%clk 0:02:06]} 97. Ra3 {[%clk 0:21:30]} Kd5 {[%clk 0:01:25]} 98. Ra5+
{[%clk 0:21:14]} Kd4 {[%clk 0:01:49]} 99. Ra4+ {[%clk 0:21:29]} Ke3
{[%clk 0:01:45]} 100. Ra3+ {[%clk 0:21:48]} Kd4 {[%clk 0:01:37]} 1/2-1/2

[Event "Danish CPH 2023 for 50+ and 65+"]
[Site "Nyhavnsgade 14, 2. sal. 9000 Aalborg"]
[Date "2023.02.25"]
[Round "7.4"]
[White "Nielsen, Niels-Peter"]
[Black "Westenborg, Allan"]
[Result "1/2-1/2"]
[BlackElo "1772"]
[WhiteElo "2030"]
[LiveChessVersion "1.4.8"]

1. e4 {[%clk 1:30:59]} d5 {[%clk 1:30:49]} 2. exd5 {[%clk 1:31:18]} Nf6
{[%clk 1:31:13]} 3. d4 {[%clk 1:31:32]} Nxd5 {[%clk 1:31:20]} 4. Nf3
{[%clk 1:24:44]} Bf5 {[%clk 1:30:39]} 5. Be2 {[%clk 1:20:59]} e6 {[%clk 1:30:48]}
6. a3 {[%clk 1:18:34]} c6 {[%clk 1:28:17]} 7. c4 {[%clk 1:17:12]} Nf6
{[%clk 1:27:34]} 8. Nc3 {[%clk 1:14:43]} h6 {[%clk 1:27:37]} 9. h3
{[%clk 1:14:22]} Na6 {[%clk 1:26:51]} 10. Bf4 {[%clk 1:14:08]} Nc7
{[%clk 1:27:03]} 11. O-O {[%clk 1:12:48]} Bd6 {[%clk 1:23:39]} 12. Be3
{[%clk 1:08:38]} O-O {[%clk 1:23:31]} 13. Re1 {[%clk 1:06:42]} Nce8
{[%clk 1:22:46]} 14. Qd2 {[%clk 1:05:18]} Ne4 {[%clk 1:21:56]} 15. Nxe4
{[%clk 1:03:32]} Bxe4 {[%clk 1:22:24]} 16. Qc3 {[%clk 1:00:37]} Nf6
{[%clk 1:15:16]} 17. Rad1 {[%clk 0:58:10]} Rc8 {[%clk 1:13:24]} 18. Nd2
{[%clk 0:56:05]} Bb8 {[%clk 1:11:14]} 19. Bd3 {[%clk 0:53:20]} Bxd3
{[%clk 1:10:13]} 20. Qxd3 {[%clk 0:53:21]} Qc7 {[%clk 1:10:37]} 21. Nf1
{[%clk 0:53:19]} 1/2-1/2

[Event "Danish CPH 2023 for 50+ and 65+"]
[Site "Nyhavnsgade 14, 2. sal. 9000 Aalborg"]
[Date "2023.02.25"]
[Round "7.6"]
[White "Schacht, Jorgen Vejby"]
[Black "Lytzen, Lars Erik"]
[Result "1-0"]
[BlackElo "1306"]
[WhiteElo "1654"]
[LiveChessVersion "1.4.8"]

1. d4 {[%clk 1:30:30]} Nf6 {[%clk 0:35:27]} 2. c4 {[%clk 1:31:04]} b6
{[%clk 0:35:53]} 3. Nc3 {[%clk 1:31:04]} Bb7 {[%clk 0:36:18]} 4. Nf3
{[%clk 1:30:52]} d6 {[%clk 0:36:41]} 5. Qc2 {[%clk 1:30:27]} Nbd7
{[%clk 0:37:02]} 6. e4 {[%clk 1:30:06]} g6 {[%clk 0:37:11]} 7. Bf4
{[%clk 1:24:57]} Bg7 {[%clk 0:37:34]} 8. Be2 {[%clk 1:25:13]} O-O
{[%clk 0:37:49]} 9. O-O-O {[%clk 1:21:26]} Re8 {[%clk 0:37:56]} 10. h4
{[%clk 1:18:10]} e5 {[%clk 0:35:36]} 11. dxe5 {[%clk 1:16:37]} Ng4
{[%clk 0:35:00]} 12. Bg3 {[%clk 1:00:46]} Ndxe5 {[%clk 0:29:24]} 13. Nxe5
{[%clk 0:55:58]} Nxe5 {[%clk 0:28:28]} 14. h5 {[%clk 0:52:03]} Qg5+
{[%clk 0:26:46]} 15. Kb1 {[%clk 0:50:40]} Nd7 {[%clk 0:24:52]} 16. hxg6
{[%clk 0:46:19]} Qxg6 {[%clk 0:23:40]} 17. Bd3 {[%clk 0:41:53]} Nc5
{[%clk 0:22:33]} 18. Nd5 {[%clk 0:38:01]} Bxd5 {[%clk 0:21:03]} 19. exd5
{[%clk 0:38:17]} Nxd3 {[%clk 0:19:38]} 20. Qxd3 {[%clk 0:38:28]} Qxd3+
{[%clk 0:18:24]} 21. Rxd3 {[%clk 0:38:56]} Re2 {[%clk 0:18:14]} 22. Rb3
{[%clk 0:35:25]} Rae8 {[%clk 0:18:25]} 23. a4 {[%clk 0:32:49]} a5
{[%clk 0:17:52]} 24. Bh4 {[%clk 0:31:28]} Rd2 {[%clk 0:15:01]} 25. Rg3
{[%clk 0:22:54]} Kh8 {[%clk 0:13:34]} 26. Rb3 {[%clk 0:14:07]} Bd4
{[%clk 0:12:06]} 27. Rf1 {[%clk 0:10:03]} Ree2 {[%clk 0:10:13]} 28. Bd8
{[%clk 0:09:49]} Rxf2 {[%clk 0:09:12]} 29. Rxf2 {[%clk 0:09:49]} Rxf2
{[%clk 0:09:33]} 30. Bxc7 {[%clk 0:09:57]} Bc5 {[%clk 0:09:12]} 31. Bxb6
{[%clk 0:09:09]} Rxg2 {[%clk 0:07:27]} 32. Bxa5 {[%clk 0:07:12]} Kg7
{[%clk 0:06:44]} 33. Bc3+ {[%clk 0:07:10]} Kg6 {[%clk 0:07:01]} 34. Rb8
{[%clk 0:06:53]} Rg4 {[%clk 0:04:37]} 35. Rg8+ {[%clk 0:03:02]} Kf5
{[%clk 0:04:14]} 36. Rxg4 {[%clk 0:03:26]} Kxg4 {[%clk 0:04:37]} 37. a5
{[%clk 0:03:49]} h5 {[%clk 0:05:00]} 38. b4 {[%clk 0:03:03]} Ba7 {[%clk 0:04:40]}
39. Be1 {[%clk 0:02:20]} f5 {[%clk 0:04:43]} 40. b5 {[%clk 0:02:46]} f4
{[%clk 0:05:07]} 41. b6 {[%clk 0:02:36]} Bb8 {[%clk 0:05:00]} 42. a6
{[%clk 0:02:35]} h4 {[%clk 0:05:22]} 43. Bxh4 {[%clk 0:02:09]} Kxh4
{[%clk 0:05:39]} 44. a7 {[%clk 0:02:34]} 1-0

[Event "Danish CPH 2023 for 50+ and 65+"]
[Site "Nyhavnsgade 14, 2. sal. 9000 Aalborg"]
[Date "2023.02.25"]
[Round "7.7"]
[White "Grue, Vibeke"]
[Black "Gronhoj, Benny"]
[Result "0-1"]
[BlackElo "1929"]
[WhiteElo "986"]
[LiveChessVersion "1.4.8"]

1. e4 {[%clk 1:30:56]} d5 {[%clk 1:30:50]} 2. exd5 {[%clk 1:31:02]} Qxd5
{[%clk 1:31:12]} 3. Nc3 {[%clk 1:31:21]} Qa5 {[%clk 1:31:30]} 4. Bb5+
{[%clk 1:30:59]} c6 {[%clk 1:31:42]} 5. Be2 {[%clk 1:30:15]} Nf6 {[%clk 1:31:54]}
6. d4 {[%clk 1:30:33]} Bf5 {[%clk 1:31:57]} 7. g4 {[%clk 1:30:27]} Bd7
{[%clk 1:31:42]} 8. Bd2 {[%clk 1:30:37]} Qc7 {[%clk 1:31:47]} 9. g5
{[%clk 1:30:54]} Nd5 {[%clk 1:30:27]} 10. Bd3 {[%clk 1:30:09]} e6
{[%clk 1:28:54]} 11. a3 {[%clk 1:28:09]} Bd6 {[%clk 1:28:47]} 12. Qg4
{[%clk 1:27:30]} Nf4 {[%clk 1:27:31]} 13. Be4 {[%clk 1:27:12]} e5
{[%clk 1:26:59]} 14. Bf5 {[%clk 1:20:03]} exd4 {[%clk 1:24:23]} 15. Ne4
{[%clk 1:17:20]} Be5 {[%clk 1:21:36]} 16. O-O-O {[%clk 1:15:32]} Ne6
{[%clk 1:14:22]} 17. Nf3 {[%clk 1:12:40]} d3 {[%clk 1:10:13]} 18. Bb4
{[%clk 1:09:08]} Bf4+ {[%clk 1:09:54]} 19. Nfd2 {[%clk 1:07:45]} dxc2
{[%clk 1:07:48]} 20. Kxc2 {[%clk 1:07:24]} Nd4+ {[%clk 1:08:03]} 21. Kb1
{[%clk 1:06:48]} Bxf5 {[%clk 1:08:04]} 22. f3 {[%clk 1:05:28]} Bxg4
{[%clk 1:08:46]} 23. fxg4 {[%clk 1:05:36]} Nd7 {[%clk 1:08:27]} 24. Nc4
{[%clk 1:05:53]} c5 {[%clk 1:08:28]} 25. Bc3 {[%clk 1:03:36]} O-O-O
{[%clk 1:07:59]} 26. Rhf1 {[%clk 1:03:44]} Nb6 {[%clk 1:06:37]} 27. b4
{[%clk 1:03:59]} Nxc4 {[%clk 1:06:41]} 28. Nxc5 {[%clk 1:03:55]} Ne6
{[%clk 1:06:24]} 29. Bxg7 {[%clk 1:03:41]} Rxd1+ {[%clk 1:06:33]} 30. Rxd1
{[%clk 1:03:45]} Nxg7 {[%clk 1:06:50]} 31. Rd7 {[%clk 1:03:42]} Qe5
{[%clk 1:06:38]} 32. Kc2 {[%clk 1:03:21]} Nxa3+ {[%clk 1:05:00]} 33. Kb3
{[%clk 1:03:38]} b5 {[%clk 1:03:01]} 34. Kxa3 {[%clk 1:03:09]} Bc1+
{[%clk 1:03:10]} 35. Kb3 {[%clk 1:03:19]} Qb2# {[%clk 1:03:26]} 0-1